000 00806nam a2200253 i 4500
001 18781
003 ES-MaACL
005 20230906151924.0
007 t|
008 020313s1999 gw |||| |dspa d
020 _a3-931887-62-6
080 _a929 García Lorca, Federico
080 _a929 Falla, Manuel de
245 0 0 _aFalla y Lorca, entre la tradición y la vanguardia /
_cSusana Zapke (ed.).
260 _aKassel :
_bReichenberger,
_c1999.
300 _a160 p. :
_bil. ;
_c24 cm.
490 1 _aEuropèaische Profile ;
_v53
600 1 4 _aGarcía Lorca, Federico,
_d1898-1936
_954853
600 1 4 _aFalla, Manuel de,
_d1876-1946
_948756
700 1 _aZapke, Susana.
_9118019
830 0 _aEuropèaische Profile ;
_v53
_9226592
852 _aES-MaACL
_jL-25344
999 _c18781
_d18781